|
|
|
|
| LEADER |
01217nam a2200301 4500 |
| 001 |
c000190956 |
| 003 |
CARM |
| 005 |
20060407113412.0 |
| 008 |
740807r19741927pauc b 00000beng |
| 010 |
|
|
|a 74016320 //r983
|
| 019 |
1 |
|
|a 447081
|5 LACONCORD2021
|
| 020 |
|
|
|a 0841499403 (lib. bdg.)
|
| 035 |
|
|
|a (OCoLC)1008298
|5 LACONCORD2021
|
| 050 |
0 |
0 |
|a PR4984.M5
|b Z56 1974
|
| 082 |
0 |
0 |
|a 823/.8
|a B
|
| 100 |
1 |
|
|a Bosanquet, Theodora.
|
| 245 |
1 |
0 |
|a Harriet Martineau; :
|b an essay in comprehension.
|
| 260 |
|
|
|a [Folcroft, Pa.] :
|b Folcroft Library Editions,
|c 1974.
|
| 300 |
|
|
|a xi, 255, [1] p. :
|b port. ;
|c 23 cm.
|
| 500 |
|
|
|a Reprint of the 1927 ed. published by F. Etchells & H. Macdonald, London, in series: The Haslewood books.
|
| 504 |
|
|
|a Bibliography: p. 250-[256]
|
| 600 |
1 |
0 |
|a Martineau, Harriet,
|d 1802-1876,
|
| 650 |
|
0 |
|a Women authors, English
|y 19th century
|v Biography.
|
| 650 |
|
0 |
|a Women intellectuals
|z Great Britain
|v Biography.
|
| 830 |
|
0 |
|a Haslewood books.
|
| 852 |
8 |
|
|b CARM
|h A2:AL07F0
|i C07999
|p 0285183
|f BK
|
| 999 |
f |
f |
|i dc64e6d9-188b-537d-ac46-56db9b26fd82
|s 33f22a15-2f1b-55a3-9ddb-df15b6f2a0a3
|
| 952 |
f |
f |
|p Can circulate
|a CAVAL
|b CAVAL
|c CAVAL
|d CARM 1 Store
|e C07999
|f A2:AL07F0
|h Other scheme
|i book
|m 0285183
|